| 000 | 00430nam a2200157 i 4500 | ||
|---|---|---|---|
| 001 | 27938 | ||
| 003 | ES-MaACL | ||
| 005 | 20230906153731.0 | ||
| 007 | t| | ||
| 008 | 030115s1967 sp ||||1| fre d | ||
| 100 | 1 |
_aBaciu, Stefan. _924500 |
|
| 245 | 1 | 0 |
_aUkellele _b: poeme / _cStefan Baciu. |
| 260 |
_a[Madrid : _bs.n., _c1967] ( _fGráf. Benzal) |
||
| 300 |
_a46 p., 1 lám. ; _c22 cm. |
||
| 852 |
_aES-MaACL _j2058-F-11 _bR.63045 |
||
| 999 |
_c27938 _d27938 |
||